| 000 | 00456nam a2200181Ia 4500 | ||
|---|---|---|---|
| 008 | 180424s9999 xx 000 0 und d | ||
| 020 | _a9.79E+12 | ||
| 084 | _a338.954 P2 | ||
| 100 | _a"Prasanth Kumar Panda, " | ||
| 245 | 0 | _aHuman Development and Social Security in India | |
| 250 | _a\\201400ENGGPCX | ||
| 260 | _aNCBH | ||
| 260 | _b2014 | ||
| 260 | _cNew Delhi | ||
| 300 | _a193p. | ||
| 500 | _aincludes index and biblioraphy | ||
| 942 | _cBK | ||
| 999 |
_c102751 _d102751 |
||